000 00558nam a2200181Ia 4500
003 GCL
008 140319s9999 xx 000 0 ara d
040 _aGCL /
_cGCL
082 0 4 _a811.009
_bف ا
100 1 _aفوزى عطوى
245 1 0 _aاحمد شوقى شاعر للوطنية والمسرح والتاريخ /
_cفوزى عطوى
260 _a[S.N] :
_bدار الفكر العربى ،
_c1989
300 _a93
490 _aاعلام الفكر العربى
_v0
650 0 4 _aالشعراء
650 0 4 _aاحمد شوقى
942 _2ddc
_cBK
999 _c54689
_d54689